All Ivory Coast's Premier League Players Ever - Statistics

General Stats
  • This quiz has been taken 47 times
  • The average score is 15 of 41
Answer Stats
# Year Team(s) Player % Correct
254 2004–12, 2014–15 Chelsea Didier Drogba
95%
230 2010–18 Manchester City Yaya Touré
95%
353 2002–16 Arsenal, Manchester City, Liverpool Kolo Touré
93%
305 2013–23 Manchester United, Cardiff City, Crystal Palace Wilfried Zaha
81%
70 2016–22 Manchester United Eric Bailly
74%
156 2006–12 Chelsea Salomon Kalou
74%
113 2017–21, 2022–24 Tottenham, Nottingham Forest Sèrge Aurier
72%
115 2013–18 Swansea City, Manchester City, Stoke City Wilfried Bony
72%
80 2019–22 Arsenal Nicolas Pépé
67%
38 2020–21, 2023– Manchester United Amad Diallo
63%
126 2018– Wolves, Nottingham Forest Willy-Arnaud Boly
63%
132 2004–11 Arsenal Emmanuel Eboué
51%
60 2023– Brighton Simon Adingra
51%
46 2011–13 Arsenal Gervinho
49%
138 2010–16 Newcastle United Cheick Tioté
44%
30 2023– Nottingham Forest Ibrahim Sangaré
42%
48 2019–21 West Ham Sébastien Haller
42%
49 2021–25 Burnley, West Ham, Southampton Maxwel Cornet
37%
8 2023–24 Sheffield United Bénie Traoré
30%
10 2022–24 Bournemouth Hamed Traorè
30%
88 2006–09 Tottenham Didier Zokora
28%
18 2022–24 Chelsea, Burnley David Datro Fofana
26%
45 2015–17 Sunderland Lamine Koné
23%
28 2018–19 Cardiff City Sol Bamba
21%
25 2015–17 Bournemouth Max Gradel
19%
19 2021–22 Watford Hassane Kamara
16%
3 2015–16 Newcastle United Seydou Doumbia
16%
23 1998–99 Everton Ibrahima Bakayoko
14%
32 2018–19 Fulham Jean Seri
14%
1 2017–18 Chelsea Jérémie Boga
14%
19 2009–10 Porstmouth Aruna Dindane
12%
5 2010–13 Manchester City Abdul Razak
9%
6 2019–22 Everton Jean-Philippe Gbamin
9%
6 2019–20 Aston Villa Jonathan Adjo Kodjia
9%
16 2024– Wolves Emmanuel Agbadou
7%
84 2006–09, 2010–11 Bolton Wanderers, West Bromwich Albion Abdoulaye Méité
5%
8 2007–08 Reading Emerse Faé
5%
69 2011–15 West Ham Guy Demel
5%
42 2009–12 Wigan Athletic Steve Gohouri
5%
32 2013–15 Hull City Yannick Sagbo
5%
70 2002–06 Birmingham City Olivier Tebily
2%
No matching quizzes found
Score Distribution
Percent of People with Each Score
Percentile by Number Answered
Your Score History
You have not taken this quiz